<?xml version="1.0" encoding="UTF-8"?>
<collection xmlns="http://www.loc.gov/MARC21/slim">
<record>
  <controlfield tag="001">171749</controlfield>
  <controlfield tag="005">20260603114407.0</controlfield>
  <datafield tag="024" ind1="7" ind2=" ">
    <subfield code="2">doi</subfield>
    <subfield code="a">10.1002/adfm.202600080</subfield>
  </datafield>
  <datafield tag="024" ind1="8" ind2=" ">
    <subfield code="2">sideral</subfield>
    <subfield code="a">149494</subfield>
  </datafield>
  <datafield tag="037" ind1=" " ind2=" ">
    <subfield code="a">ART-2026-149494</subfield>
  </datafield>
  <datafield tag="041" ind1=" " ind2=" ">
    <subfield code="a">eng</subfield>
  </datafield>
  <datafield tag="100" ind1=" " ind2=" ">
    <subfield code="a">Benaicha-Fernández, Amina</subfield>
  </datafield>
  <datafield tag="245" ind1=" " ind2=" ">
    <subfield code="a">Intrinsic Photoactive Star ZnPc–Poly(glutamate) Nanoplatforms for Multimodal Glioblastoma Therapy and Brain‐Targeted Delivery</subfield>
  </datafield>
  <datafield tag="260" ind1=" " ind2=" ">
    <subfield code="c">2026</subfield>
  </datafield>
  <datafield tag="520" ind1="3" ind2=" ">
    <subfield code="a">ABSTRACT
                  The design of polymeric systems with intrinsically integrated imaging and responsive functionalities represents a promising strategy to address the complexity of aggressive tumors such as glioblastoma multiforme (GBM). We report a class of star‐shaped zinc phthalocyanine–poly(L‐glutamic acid) (ZnPc‐PGA) nanocarriers in which the photoactive ZnPc core serves as a macroinitiator for the N‐carboxyanhydride ring‐opening polymerization, enabling control over chain length, architecture, and stoichiometry. ZnPc‐PGA nanocarriers exhibited near‐infrared absorption, enabling their implementation as imaging agents and photosensitizers for photodynamic therapy. Physicochemical characterization of ZnPc‐PGA nanocarriers revealed chain‐length‐ and concentration‐dependent supramolecular assembly. ZnPc‐PGA nanocarriers demonstrated lysosomal uptake/light‐activated cytotoxicity in GBM cells, while evaluation in the GBM‐on‐a‐chip platform confirmed oxygen‐dependent therapeutic outcomes. Proteomic profiling revealed a fibrinogen‐, cytoskeletal‐, and olfactory protein‐enriched corona, providing insight into potential biointerface interactions. Post‐polymerization conjugation of ZnPc‐PGA nanocarriers with paclitaxel facilitated multimodal therapy with enhanced efficacy in GBM cells, while integrating ZnPc‐PGA nanocarriers into a hyaluronic acid‐based hydrogel enabled intranasal delivery and resulted in brain accumulation. Overall, ZnPc‐PGA represents a modular nanoplatform and underscores the role of polymer architecture in dictating behavior in complex biological environments, with potential applicability in the design of multifunctional systems for challenging diseases such as GBM.</subfield>
  </datafield>
  <datafield tag="506" ind1="0" ind2=" ">
    <subfield code="a">Access copy available to the general public</subfield>
    <subfield code="f">Unrestricted</subfield>
  </datafield>
  <datafield tag="536" ind1=" " ind2=" ">
    <subfield code="9">info:eu-repo/grantAgreement/ES/AEI/PID2021-126051OB-C41</subfield>
    <subfield code="9">info:eu-repo/grantAgreement/ES/DGA/T62-230R</subfield>
    <subfield code="9">info:eu-repo/grantAgreement/ES/MCIU/PID2023-152459OB-I00</subfield>
    <subfield code="9">info:eu-repo/grantAgreement/ES/MICIU/PRTR-C17.I1</subfield>
    <subfield code="9">info:eu-repo/grantAgreement/ES/MINECO-RTICC-ISCIII-CIBERONC/CB22-12-0048</subfield>
  </datafield>
  <datafield tag="540" ind1=" " ind2=" ">
    <subfield code="9">info:eu-repo/semantics/openAccess</subfield>
    <subfield code="a">by-nc-nd</subfield>
    <subfield code="u">https://creativecommons.org/licenses/by-nc-nd/4.0/deed.es</subfield>
  </datafield>
  <datafield tag="655" ind1=" " ind2="4">
    <subfield code="a">info:eu-repo/semantics/article</subfield>
    <subfield code="v">info:eu-repo/semantics/publishedVersion</subfield>
  </datafield>
  <datafield tag="700" ind1=" " ind2=" ">
    <subfield code="a">Randelovic, Teodora</subfield>
    <subfield code="0">(orcid)0000-0001-7232-7588</subfield>
  </datafield>
  <datafield tag="700" ind1=" " ind2=" ">
    <subfield code="a">Armiñán, Ana</subfield>
  </datafield>
  <datafield tag="700" ind1=" " ind2=" ">
    <subfield code="a">Sebastián, Víctor</subfield>
    <subfield code="u">Universidad de Zaragoza</subfield>
    <subfield code="0">(orcid)0000-0002-6873-5244</subfield>
  </datafield>
  <datafield tag="700" ind1=" " ind2=" ">
    <subfield code="a">Fuentes, Manuel</subfield>
  </datafield>
  <datafield tag="700" ind1=" " ind2=" ">
    <subfield code="a">Huck-Iriart, Cristián</subfield>
  </datafield>
  <datafield tag="700" ind1=" " ind2=" ">
    <subfield code="a">Masiá, Esther</subfield>
  </datafield>
  <datafield tag="700" ind1=" " ind2=" ">
    <subfield code="a">Carrascosa-Marco, Paula</subfield>
  </datafield>
  <datafield tag="700" ind1=" " ind2=" ">
    <subfield code="a">Juanes-Velasco, Pablo</subfield>
  </datafield>
  <datafield tag="700" ind1=" " ind2=" ">
    <subfield code="a">Ðordevic, Snežana</subfield>
  </datafield>
  <datafield tag="700" ind1=" " ind2=" ">
    <subfield code="a">Bayona, Clara</subfield>
  </datafield>
  <datafield tag="700" ind1=" " ind2=" ">
    <subfield code="a">Ochoa, Ignacio</subfield>
    <subfield code="u">Universidad de Zaragoza</subfield>
    <subfield code="0">(orcid)0000-0003-2410-5678</subfield>
  </datafield>
  <datafield tag="700" ind1=" " ind2=" ">
    <subfield code="a">Medel, Maria</subfield>
  </datafield>
  <datafield tag="700" ind1=" " ind2=" ">
    <subfield code="a">Conejos-Sánchez, Inmaculada</subfield>
  </datafield>
  <datafield tag="700" ind1=" " ind2=" ">
    <subfield code="a">Vicent, María J.</subfield>
  </datafield>
  <datafield tag="710" ind1="2" ind2=" ">
    <subfield code="1">1003</subfield>
    <subfield code="2">443</subfield>
    <subfield code="a">Universidad de Zaragoza</subfield>
    <subfield code="b">Dpto. Anatom.Histolog.Humanas</subfield>
    <subfield code="c">Area Histología</subfield>
  </datafield>
  <datafield tag="710" ind1="2" ind2=" ">
    <subfield code="1">5005</subfield>
    <subfield code="2">555</subfield>
    <subfield code="a">Universidad de Zaragoza</subfield>
    <subfield code="b">Dpto. Ing.Quím.Tecnol.Med.Amb.</subfield>
    <subfield code="c">Área Ingeniería Química</subfield>
  </datafield>
  <datafield tag="773" ind1=" " ind2=" ">
    <subfield code="g">(2026), e00080 [23 pp.]</subfield>
    <subfield code="p">Adv. funct. mater.</subfield>
    <subfield code="t">Advanced Functional Materials</subfield>
    <subfield code="x">1616-301X</subfield>
  </datafield>
  <datafield tag="856" ind1="4" ind2=" ">
    <subfield code="s">5012225</subfield>
    <subfield code="u">http://zaguan.unizar.es/record/171749/files/texto_completo.pdf</subfield>
    <subfield code="y">Versión publicada</subfield>
  </datafield>
  <datafield tag="856" ind1="4" ind2=" ">
    <subfield code="s">2450917</subfield>
    <subfield code="u">http://zaguan.unizar.es/record/171749/files/texto_completo.jpg?subformat=icon</subfield>
    <subfield code="x">icon</subfield>
    <subfield code="y">Versión publicada</subfield>
  </datafield>
  <datafield tag="909" ind1="C" ind2="O">
    <subfield code="o">oai:zaguan.unizar.es:171749</subfield>
    <subfield code="p">articulos</subfield>
    <subfield code="p">driver</subfield>
  </datafield>
  <datafield tag="951" ind1=" " ind2=" ">
    <subfield code="a">2026-06-03-11:04:33</subfield>
  </datafield>
  <datafield tag="980" ind1=" " ind2=" ">
    <subfield code="a">ARTICLE</subfield>
  </datafield>
</record>
</collection>